| 000 | 00503 a2200169 4500 | ||
|---|---|---|---|
| 003 | OSt | ||
| 005 | 20231222161155.0 | ||
| 008 | 231222b |||||||| |||| 00| 0 eng d | ||
| 020 | _a8170557089 | ||
| 040 | _coclc | ||
| 082 |
_a891.43 _bTRI/B |
||
| 100 |
_aTripathi, Vashishta Narayan _910197 |
||
| 245 |
_aBHARTIYA LOKNATYA / _cDr. Vashishtha Narayan Tripathi |
||
| 260 |
_aNew Delhi: _bVani Prakashan _c2001. |
||
| 300 | _a140p | ||
| 942 |
_2ddc _cBK _h891.43 _iTRI/B _k891.43 _mTRI/B |
||
| 999 |
_c43535 _d43535 |
||